[Event "Paracin 2019"]
[Site "Paracin"]
[Date "2019.07.11"]
[Round "8.1"]
[White "Ivanisevic, Ivan"]
[Black "Korpa, Bence"]
[Result "1-0"]
[WhiteElo "2612"]
[BlackElo "2523"]
[PlyCount "61"]
[EventDate "2019.??.??"]

1. c4 e6 2. g3 d5 3. Bg2 Nf6 4. Nf3 dxc4 5. O-O Nbd7 6. Qa4 a6 7. Nc3 Bd6 8.
Qxc4 b5 9. Qh4 Bb7 10. d4 b4 11. Na4 h6 12. Qh3 Ne4 13. Be3 Bd5 14. Rac1 Qe7
15. Nd2 Nef6 16. Nc4 a5 17. Bxd5 exd5 18. Nxd6+ cxd6 19. Rc7 Qe6 20. Qxe6+ fxe6
21. Rfc1 O-O 22. R1c6 Nb8 23. Rb6 Rf7 24. Rc8+ Rf8 25. Rxf8+ Kxf8 26. Bf4 Ne8
27. Bxd6+ Nxd6 28. Rxd6 Ke7 29. Rb6 Na6 30. Rb7+ Kd6 31. Rxg7 1-0

[Event "Paracin 2019"]
[Site "Paracin"]
[Date "2019.07.11"]
[Round "8.25"]
[White "Skuhala, Jernej"]
[Black "Wadsworth, Matthew J"]
[Result "1/2-1/2"]
[WhiteElo "2290"]
[BlackElo "2418"]
[PlyCount "41"]
[EventDate "2019.??.??"]

1. e4 e6 2. d3 d5 3. Nd2 c5 4. f4 Nc6 5. Ngf3 Nf6 6. g3 b6 7. c3 dxe4 8. dxe4
Bb7 9. Bb5 Qc7 10. Qe2 O-O-O 11. b3 h6 12. Bb2 Rg8 13. h4 h5 14. O-O-O Ng4 15.
Nc4 Be7 16. Rhe1 g6 17. Ne3 Nxe3 18. Qxe3 Bf6 19. Qe2 Rxd1+ 20. Rxd1 Rd8 21.
Re1 1/2-1/2